| 000 | 01034nas a2200325 4500 | ||
|---|---|---|---|
| 001 | BR0600993 | ||
| 003 | BR-BrBNA | ||
| 005 | 20231205105851.0 | ||
| 007 | ta | ||
| 008 | 230509b bl.|||p| |||| 00| 00por d | ||
| 040 |
_aBR-BrBNA _bpor _cBiblioteca Nacional de Agricultura |
||
| 041 | _a(Pt) | ||
| 072 | _aF08; P33 | ||
| 100 | 1 | _aSouza, Z.M. de | |
| 100 | 1 | _aCampos, M.C.C. | |
| 100 | 1 | _aCavalcante, I.H.L. | |
| 100 | 1 | _aMarques Júnior, J. | |
| 100 | 1 | _aCesarin, L.G. | |
| 100 | 1 | _aSouza, S.R. de | |
| 245 | 1 | _aDependência espacial da resistência do solo à penetração e do teor de água do solo sob cultivo contínuo de cana-de-açúcar | |
| 650 | _aCANA DE AÇÚCAR | ||
| 650 | _aCULTIVO CONTÍNUO | ||
| 650 | _aLATOSSOLO VERMELHO | ||
| 650 | _aTEOR DE UMIDADE | ||
| 650 | _aCOMPACTAÇÃO DO SOLO | ||
| 650 | _aMODELO MATEMÁTICO | ||
| 773 | 0 |
_tCiência Rural (Brazil) _xISSN 0103-8478 _g(Jan-Feb 2006), v. 36(1) p. 128-134 _wBR0600993 |
|
| 909 |
_a202311 _bLúcia _c55 _dLúcia Elande |
||
| 942 |
_2AGRIS _n0 _cANA |
||
| 999 |
_c185092 _d185092 |
||